| 000 | 00809nam a2200229 a 4500 | ||
|---|---|---|---|
| 003 | OSt | ||
| 005 | 20131007184834.0 | ||
| 008 | 131007n ag ||||| |||| 00| 0 spa d | ||
| 040 | _cBbilioteca Medicina | ||
| 041 | _aspa | ||
| 082 | _bVARIOS 0403 | ||
| 100 | 1 |
_aAbad, Alida _92677 |
|
| 110 |
_aUniversidad Nacional del Comahue _92678 |
||
| 245 | 0 | 0 | _aPesticidas ¿Remedios para curar o venenos para matar? |
| 250 | _a1º ed | ||
| 260 |
_aCipolletti _bFacultad de Ciencias de la Educacion; _bFacultad de Ingenieria; UNComa _c199? |
||
| 300 | _a52 p. | ||
| 653 | _aPESTICIDAS | ||
| 942 |
_2ddc _cPH |
||
| 999 |
_c1761 _d1761 |
||
| 952 |
_40 _00 _bBFM _10 _oVARIOS 0403 _d2013-10-07 _tEj. 1 _8NFIC _70 _cCR _2ddc _yPH _aBFM |
||
| 952 |
_40 _00 _bBFM _10 _oVARIOS 0403 _d2013-10-07 _tEj. 2 _8NFIC _70 _cCR _2ddc _yPH _aBFM |
||